Argentyńscy sportowcy - nagła śmierć - Statystyki

Ogólne statystyki
  • Ten quiz został rozwiązany 49 razy
  • Średni wynik to 12 z 16
Answers on the Grid
Answers color-coded by a green-red scale on the quiz's grid according to % correct below.
Lionel Messi
Cristiano Ronaldo
Diego Maradona
Max Verstappen
Rafael Nadal
Sergio Agüero
David Beckham
Tiger Woods
Javier Zanetti
Roger Federer
Manu Ginóbili
Luis Suárez
Luciano De Cecco
Guillermo Ochoa
Usain Bolt
Paula Pareto
James Rodríguez
Gabriela Sabatini
Rodrigo De Paul
Pau Gasol
Emiliano Martínez
Alexis Sánchez
Julián Álvarez
Xabi Alonso
Carlos Sainz
Lautaro Martínez
Ángel Cabrera
Juan Manuel Fangio
Gerard Piqué
Luciana Aymar
Luis Scola
Edinson Cavani
 
Statystyki odpowiedzi
Odpowiedź % Poprawnych
Diego Maradona
100%
Lionel Messi
100%
Sergio Agüero
98%
Javier Zanetti
96%
Emiliano Martínez
89%
Lautaro Martínez
89%
Julián Álvarez
80%
Rodrigo De Paul
80%
Luciano De Cecco
70%
Paula Pareto
70%
Luis Scola
65%
Ángel Cabrera
63%
Gabriela Sabatini
63%
Manu Ginóbili
63%
Juan Manuel Fangio
61%
Luciana Aymar
59%
Nie znaleziono quizów pasujących do podanych kryteriów
Rozkład punktacji
Procent ludzi z każdym wynikiem
Percentyl według liczby udzielonych odpowiedzi
Twoja historia wyników
Nie rozwiązałeś tego quizu